| 000 | 00489nam a2200205Ia 4500 | ||
|---|---|---|---|
| 003 | OSt | ||
| 005 | 20230607151141.0 | ||
| 008 | 210423s2012 xx 000 0 und d | ||
| 020 | _a97889350620069 | ||
| 040 | _cAL | ||
| 041 | _aeng | ||
| 082 | _a658.404 MISP | ||
| 100 |
_aMISHRA (Rajendra). _9121688 |
||
| 245 | _aProject management. | ||
| 260 |
_aNew Delhi _bExcel Books _c2012 |
||
| 300 |
_a301 _bPB |
||
| 365 |
_b250 _cINR |
||
| 906 | _amanagement. ; Project | ||
| 942 |
_2ddc _cBK |
||
| 999 |
_c176239 _d176239 |
||